000 00516nam a2200181Ia 4500
003 OSt
005 20250117152432.0
008 210210b1944 xxu||||| |||| 00| 0 eng d
040 _cAL
041 _akan
082 _a854/12
100 _aKRASHNARAYA (A N)
_9162359
_dಕೃಷ್ಣರಾಯ (ಅ ನ ಕೃ).
245 _aPragatishila sahitya:
_bಪ್ರಗತಿಶೀಲ ಸಾಹಿತ್ಯ
260 _aBengaluru
_b-
_c1944
690 _aKannada Criticism
_9162360
906 _a019863
942 _2ddc
_cBK
999 _c144013
_d144013